000 00327nam a2200121Ia 4500
008 220216s9999 xx 000 0 und d
100 _aGoldthorpe C C
245 2 _aA definition and typology of plantation agriculture. Part 1
260 _bPlanter
_c1989
300 _a180-188
650 _aPlantation agriculture
942 _cJS
999 _c53330
_d53330